Miedo al pueblo Apuntes para una anatoma̕ cln̕ica de la Derecha /

Bibliographic Details
Main Author: Olivǹ, Fernando
Other Authors: Prv̌ost, Gřard
Format: eBook
Language:Spanish
Published: Madrid: Dykinson, 2021
Subjects:
Online Access:Acceso restringido

MARC

LEADER 00000nam a22000007a 4500
005 20220823222828.0
007 cr|||| ||||
008 220823s2021 es |||||s|||| 00||0 spa d
020 |a 978-84-1122-115-3 
035 |a 36672 
040 |a vLex 
090 |c 13803  |d 13803 
100 1 |a Olivǹ, Fernando 
245 1 0 |a Miedo al pueblo  |h [Recurso electrn̤ico] :  |b Apuntes para una anatoma̕ cln̕ica de la Derecha /  |c Fernando Olivǹ, Gřard Prv̌ost 
256 |a Servicio en ln̕ea 
260 |a Madrid:  |b Dykinson,  |c 2021 
300 |a 1 recurso electrn̤ico 
506 1 |a Disponible solo en los productos indicados  |d vLex Global  |d vLex Global (Academic Edition, excluding Law Schools)  |d vLex Global (U.S. Academic Edition, Law Schools)  |d vLex Global (U.S. Academic Edition, excluding Law Schools)  |d vLex Global (Academic Edition, Law Schools) 
650 0 4 |a Derecho Constitucional  |z Espaą 
650 0 4 |a Ciencia polt̕ica  |z Espaą 
700 1 |a Prv̌ost, Gřard 
740 0 |a vLex Libros (Servicio en ln̕ea) 
856 4 0 |u https://app.vlex.com/#/sources/36672  |z Acceso restringido 
942 |c BOOK 
999 0 |a Constitutional Law 
999 0 |a Political science